书目信息 |
| 题名: |
花花泥浮雕技法CD
|
|
| 作者: | ;教育部教育管理信息中心组 | |
| 分册: | ||
| 出版信息: | 北京 中国轻工业 |
|
| 页数: | 页 | |
| 开本: | 20cm | |
| 丛书名: | 中小学劳动与技术教育新课程教学系列片 | |
| 单 册: | ||
| 中图分类: | J312 | |
| 科图分类: | ||
| 主题词: | 雕塑--(技术)美术 | |
| 电子资源: | ||
| ISBN: | 7-88711-068-8 | |
| 000 | 00724nam0 2200205 450 | |
| 001 | 0753865015 | |
| 005 | 20070818145745.01 | |
| 010 | @a7-88711-068-8@d¥35.00 | |
| 100 | @a20070818d km y0chiy0120 ea | |
| 101 | 0 | @achi |
| 200 | 1 | @a花花泥浮雕技法CD@Ahua hua ni fu diao ji fa CD@f教育部教育管理信息中心组@Fjiao yu bu jiao yu guan li xin xi zhong xin zu |
| 210 | @a北京@c中国轻工业 | |
| 215 | @a页@d20cm@eCD3张 | |
| 225 | 2 | @a中小学劳动与技术教育新课程教学系列片 |
| 410 | 0 | @12001 @a中小学劳动与技术教育新课程教学系列片 |
| 606 | 0 | @a雕塑@x(技术)美术 |
| 690 | @aJ312@v3 | |
| 711 | 02 | @a教育部教育管理信息中心组@Ajiao yu bu jiao yu guan li xin xi zhong xin zu |
| 801 | 0 | @aCN@bPFT@c20070818 |
| 905 | @a213230@dJ312@ee16@f1 | |
| 花花泥浮雕技法CD/教育部教育管理信息中心组.-北京:中国轻工业 |
| 页;20cm+CD3张.-(中小学劳动与技术教育新课程教学系列片) |
| ISBN 7-88711-068-8:¥35.00 |
| ● |
| 相关链接 |
|
|
|
|
正题名:花花泥浮雕技法CD
索取号:J312/e16
 
预约/预借
| 序号 | 登录号 | 条形码 | 馆藏地/架位号 | 状态 | 备注 |
| 1 | 6303900 | 263039009 | 教育系资料室/ [索取号:J312/e16] | 在馆 |